000
00213 a2200097 4500
001
30519
100
_a
Amjad
245
_a
Taleem Key Nizriati assas
260
_a
Rawalpindi
_b
Nadeem Pub
_c
090
_c
20450
_d
20450
942
_a
NUST-CAE
_c
M
_c
11615
999
_c
265592
_d
265592